000 01506cam a22004574i 4500
003 PE-LiUPU
005 20250731173122.0
008 150623s r 000 0 d
020 _a0896362663
035 _a(Sirsi) i9780896362666
040 _aPE-LiUPU
_bspa
_cPE-LiUPU
_erda
049 _aPRUA
082 0 4 _a248
_bL72
_221
100 1 _aLittleton, Mark R.,
_eautor.
245 1 0 _aLife from the inside up :
_bwhy live a godly life? /
_cMark R. Littleton.
264 1 _aDenver, Colorado :
_bAccent Books,
_c1991.
300 _a190 páginas ;
_c21 centímetros
336 _atext
_2rdacontent
337 _aunmediated
_2rdamedia
338 _avolume
_2rdacarrier
504 _aIncluye bibliografía.
505 0 _aThe great question: are we running off in every direction?. -What counts in the here and now?. -Don´t give up.
526 _aSEG42
526 _aSEG41
526 _aSEG40
526 _aSEG39
526 _aP94
526 _aP87
526 _aP86
526 _aP85
526 _aP77
526 _aP76
526 _aP35
650 0 4 _aVida cristiana.
942 _2ddc
_cBOOK
949 _a248 L72
_wDEWEY
_c1
_i49634
_lCCODEBUL1
_mBUL
_r0
_sY
_tBOOK
_u2015-6-24
_xTEOLOGIA
_PP35
_0COMPRA
_o.STAFF. Colección General
994 _aC0
_bPEPRU
596 _a1
999 _a248 L72
_wDEWEY
_c32465
_i49634
_f2021-11-10
_g5
_lCCODEBUL1
_mBUL
_r0
_sY
_tBOOK
_u2015-6-24
_xTEOLOGIA
_PP35
_0COMPRA
_o.STAFF. Colección General
_d32465
980 _81
_gALBERTO SANCHEZ Responsable de Automatización